000
00230nam a22000857a 4500
008
160907b xxu||||| |||| 00| 0 eng d
100
_9
322
_a
Maanu P
245
_a
How to play Drama (Hindi)
260
_a
New Delhi
_b
Suyogya publication
_c
2011
999
_c
2982
_d
2982